[Event "BL2-Sued 0708"]
[Site "Germany"]
[Date "2007.11.04"]
[Round "2.5"]
[White "Gramlich, Sebastian"]
[Black "Biebinger, Gerhard"]
[Result "0-1"]
[WhiteElo "2267"]
[BlackElo "2324"]
[PlyCount "84"]
[EventDate "2007.10.21"]
[EventType "team-tourn"]
[EventRounds "9"]
[EventCountry "GER"]
[SourceTitle "EXT 2009"]
[Source "ChessBase"]
[SourceDate "2008.11.26"]
[SourceVersion "1"]
[SourceVersionDate "2008.11.26"]
[SourceQuality "1"]
[WhiteTeam "Schwegenheim"]
[BlackTeam "Heidelberg Kirchheim"]
[WhiteTeamCountry "GER"]
[BlackTeamCountry "GER"]

1. d4 Nf6 2. c4 c5 3. d5 e5 4. Nc3 d6 5. e4 Nbd7 6. Bd3 g6 7. Nge2 Bg7 8. f3 h5 9. Bg5 a6 10. Qd2 Qa5 11. 0-0 Nh7 12. Be3 Qd8 13. Rf2 b6 14. Raf1 Ra7 15. Kh1 h4 16. Ng1 Ndf6 17. Rb1 Nh5 18. Nge2 f5 19. f4 exf4 20. Nxf4 Nxf4 21. Rxf4 g5 22. Rxf5 Bxf5 23. exf5 0-0 24. Rf1 Raf7 25. Ne4 Bf6 26. g4 hxg3 27. hxg3 Qe7 28. Kg2 b5 29. Nxf6+ Qxf6 30. cxb5 axb5 31. Bxb5 Qe5 32. Bxg5 Nxg5 33. Qxg5+ Rg7 34. Qf4 Qxb2+ 35. Rf2 Qxb5 36. f6 Rh7 37. f7+ Rfxf7 38. Qg5+ Kf8 39. Qd8+ Qe8 40. Qxd6+ Qe7 41. Qb8+ Kg7 42. Rxf7+ Kxf7 0-1

[Event "GER-ch internet U25 final"]
[Site "Playchess.com INT"]
[Date "2007.06.20"]
[Round "7"]
[White "Gramlich, Sebastian"]
[Black "Natsidis, Christoph"]
[Result "1-0"]
[WhiteElo "2244"]
[BlackElo "2183"]
[PlyCount "39"]
[EventDate "2007.06.20"]
[EventType "swiss (blitz)"]
[EventRounds "7"]
[EventCountry "GER"]
[SourceTitle "EXT 2009"]
[Source "ChessBase"]
[SourceDate "2008.11.26"]
[SourceVersion "1"]
[SourceVersionDate "2008.11.26"]
[SourceQuality "1"]

1. d4 d5 2. c4 e6 3. Nc3 c6 4. e4 Nf6 5. e5 Nfd7 6. cxd5 exd5 7. f4 f6 8. Nf3 fxe5 9. fxe5 Nb6 10. Bd3 Be7 11. 0-0 0-0 12. Qc2 h6 13. Bh7+ Kh8 14. Bg6 Bg4 15. Be3 Nc4 16. Qc1 Nxe3 17. Qxe3 Bg5 18. Nxg5 Rxf1+ 19. Rxf1 hxg5 20. Qxg5 1-0

[Event "Rhein Main op 10th"]
[Site "Bad Homburg"]
[Date "2007.06.09"]
[Round "5"]
[White "Schramm, Christian"]
[Black "Gramlich, Sebastian"]
[Result "1-0"]
[WhiteElo "2325"]
[BlackElo "2248"]
[PlyCount "63"]
[EventDate "2007.06.06"]
[EventType "swiss"]
[EventRounds "7"]
[EventCountry "GER"]
[SourceTitle "EXT 2008"]
[Source "ChessBase"]
[SourceDate "2007.11.25"]
[SourceVersion "1"]
[SourceVersionDate "2007.11.25"]
[SourceQuality "1"]

1. e4 c5 2. Nf3 d6 3. d4 cxd4 4. Nxd4 Nf6 5. Nc3 a6 6. Bg5 e6 7. f4 Nbd7 8. Qf3 Qc7 9. 0-0-0 b5 10. Bd3 Bb7 11. Rhe1 Be7 12. Qh3 Nc5 13. Bxf6 Nxd3+ 14. Qxd3 Bxf6 15. Ndxb5 axb5 16. Nxb5 Qb6 17. e5 Be7 18. exd6 Bf6 19. d7+ Kf8 20. g4 g5 21. fxg5 Bxg5+ 22. Kb1 Kg7 23. Rf1 Ba6 24. Qc3+ f6 25. Qc7 Qxc7 26. Nxc7 Bxf1 27. Nxe6+ Kf7 28. d8N+ Rhxd8 29. Nxd8+ Ke8 30. Ne6 Ra6 31. Nc7+ Kf7 32. Rxf1 1-0

[Event "Frankfurt-ch"]
[Site "Frankfurt"]
[Date "2007.05.21"]
[Round "4"]
[White "Zuyev, Igor"]
[Black "Gramlich, Sebastian"]
[Result "0-1"]
[WhiteElo "2172"]
[BlackElo "2248"]
[PlyCount "88"]
[EventDate "2007.04.30"]
[EventType "swiss"]
[EventRounds "7"]
[EventCountry "GER"]
[SourceTitle "EXT 2008"]
[Source "ChessBase"]
[SourceDate "2007.11.25"]
[SourceVersion "1"]
[SourceVersionDate "2007.11.25"]
[SourceQuality "1"]

1. e4 c5 2. Nc3 Nc6 3. f4 g6 4. Nf3 Bg7 5. Bb5 Nd4 6. 0-0 Nxb5 7. Nxb5 d5 8. exd5 a6 9. Nc3 Nf6 10. d3 0-0 11. Qe2 Re8 12. Ne5 Nxd5 13. Ne4 b6 14. Bd2 e6 15. c4 Ne7 16. Bc3 Nf5 17. g4 Nd4 18. Qf2 Bb7 19. Bxd4 cxd4 20. Rae1 f6 21. Nf3 f5 22. gxf5 exf5 23. Neg5 Qd6 24. Ne5 Bxe5 25. fxe5 Qc6 26. Nf3 Rad8 27. h3 Rd7 28. Qg3 Rde7 29. Kh2 Qc5 30. b4 Qxb4 31. Nh4 Qd2+ 32. Kg1 Kh8 33. e6 Qh6 34. Kh2 Qg7 35. Qd6 Qf6 36. Rf4 Rxe6 37. Rxe6 Qxe6 38. Qxe6 Rxe6 39. Rxd4 Bc6 40. Rd8+ Kg7 41. d4 Re2+ 42. Kg3 Be4 43. Kf4 Rxa2 44. Rd7+ Kh6 0-1